<?xml version="1.0" encoding="UTF-8"?>
<record
    xmlns:xsi="http://www.w3.org/2001/XMLSchema-instance"
    xsi:schemaLocation="http://www.loc.gov/MARC21/slim http://www.loc.gov/standards/marcxml/schema/MARC21slim.xsd"
    xmlns="http://www.loc.gov/MARC21/slim">

  <leader>00868nam a22001937a 4500</leader>
  <controlfield tag="008">100623t        xxu||||| |||| 00| 0 eng d</controlfield>
  <datafield tag="020" ind1=" " ind2=" ">
    <subfield code="a">9773830063</subfield>
  </datafield>
  <datafield tag="082" ind1=" " ind2=" ">
    <subfield code="2">22</subfield>
    <subfield code="a">155.61</subfield>
    <subfield code="b">&#x639; &#x627; &#x645; </subfield>
  </datafield>
  <datafield tag="100" ind1=" " ind2=" ">
    <subfield code="9">15097</subfield>
    <subfield code="a">&#x639;&#x627;&#x645;&#x631; &#x60C;&#x623;&#x64A;&#x645;&#x646; </subfield>
  </datafield>
  <datafield tag="245" ind1=" " ind2=" ">
    <subfield code="a">&#x627;&#x644;&#x625;&#x628;&#x62F;&#x627;&#x639; &#x648; &#x627;&#x644;&#x635;&#x631;&#x627;&#x639; : </subfield>
    <subfield code="b">&#x625;&#x637;&#x644;&#x627;&#x644;&#x629; &#x646;&#x641;&#x633;&#x64A;&#x629; &#x639;&#x644;&#x649; &#x62D;&#x64A;&#x627;&#x62A;&#x646;&#x627; &#x627;&#x644;&#x64A;&#x648;&#x645;&#x64A;&#x629;</subfield>
    <subfield code="c">&#x623;&#x64A;&#x645;&#x646; &#x639;&#x627;&#x645;&#x631; </subfield>
  </datafield>
  <datafield tag="260" ind1=" " ind2=" ">
    <subfield code="a">&#x627;&#x644;&#x642;&#x627;&#x647;&#x631;&#x629;:</subfield>
    <subfield code="b">&#x625;&#x64A;&#x62A;&#x631;&#x627;&#x643; &#x644;&#x644;&#x646;&#x634;&#x631; &#x648; &#x627;&#x644;&#x62A;&#x648;&#x632;&#x64A;&#x639;&#x60C;</subfield>
    <subfield code="c">2004.</subfield>
  </datafield>
  <datafield tag="300" ind1=" " ind2=" ">
    <subfield code="a">149&#x635;.</subfield>
    <subfield code="c">24&#x633;&#x645;.</subfield>
  </datafield>
  <datafield tag="490" ind1=" " ind2=" ">
    <subfield code="9">15099</subfield>
    <subfield code="a">&#x633;&#x644;&#x633;&#x644;&#x629; &#x639;&#x644;&#x645; &#x627;&#x644;&#x646;&#x641;&#x633; &#x627;&#x644;&#x62A;&#x637;&#x628;&#x64A;&#x642;&#x649; </subfield>
  </datafield>
  <datafield tag="650" ind1=" " ind2=" ">
    <subfield code="9">15100</subfield>
    <subfield code="a">&#x627;&#x644;&#x625;&#x628;&#x62F;&#x627;&#x639;</subfield>
  </datafield>
  <datafield tag="650" ind1=" " ind2=" ">
    <subfield code="9">15101</subfield>
    <subfield code="a">&#x627;&#x644;&#x625;&#x628;&#x62A;&#x643;&#x627;&#x631;</subfield>
  </datafield>
  <datafield tag="650" ind1=" " ind2=" ">
    <subfield code="9">15102</subfield>
    <subfield code="a">&#x627;&#x644;&#x642;&#x62F;&#x631;&#x629; &#x627;&#x644;&#x62E;&#x644;&#x627;&#x642;&#x629;</subfield>
  </datafield>
  <datafield tag="942" ind1=" " ind2=" ">
    <subfield code="2">ddc</subfield>
    <subfield code="c">BB</subfield>
  </datafield>
  <datafield tag="999" ind1=" " ind2=" ">
    <subfield code="c">14176</subfield>
    <subfield code="d">14176</subfield>
  </datafield>
  <datafield tag="952" ind1=" " ind2=" ">
    <subfield code="0">0</subfield>
    <subfield code="1">0</subfield>
    <subfield code="2">ddc</subfield>
    <subfield code="4">0</subfield>
    <subfield code="7">0</subfield>
    <subfield code="8"> </subfield>
    <subfield code="a">MAIN</subfield>
    <subfield code="b">MAIN</subfield>
    <subfield code="c">LOW</subfield>
    <subfield code="d">2010-06-23</subfield>
    <subfield code="e">Donation</subfield>
    <subfield code="l">1</subfield>
    <subfield code="o">155.61 &#x639; &#x627; &#x645;</subfield>
    <subfield code="p">000020987</subfield>
    <subfield code="r">2025-07-15 00:00:00</subfield>
    <subfield code="s">2025-05-29</subfield>
    <subfield code="y">BB</subfield>
  </datafield>
</record>
